Playing to win

The result is a playbook for winning. Lafley and Martin have created a set of five essential strategic choices that, when addressed in an integrated way, will move you ahead of your competitors.

Αποθηκεύτηκε σε:
Λεπτομέρειες βιβλιογραφικής εγγραφής
Κύριος συγγραφέας: Lafley, A. G.
Μορφή: Βιβλίο
Γλώσσα:Undetermined
Έκδοση: Boston, Massachusetts Harvard Business Review Press 2013
Θέματα:
Ετικέτες: Προσθήκη ετικέτας
Δεν υπάρχουν, Καταχωρήστε ετικέτα πρώτοι!
Thư viện lưu trữ: Trung tâm Học liệu Trường Đại học Cần Thơ
LEADER 00749nam a2200193Ia 4500
001 CTU_224993
008 210402s9999 xx 000 0 und d
082 |a 658.4012 
082 |b L164 
100 |a Lafley, A. G. 
245 0 |a Playing to win 
245 0 |c A.G. Lafley and Roger L. Martin 
260 |a Boston, Massachusetts 
260 |b Harvard Business Review Press 
260 |c 2013 
520 |a The result is a playbook for winning. Lafley and Martin have created a set of five essential strategic choices that, when addressed in an integrated way, will move you ahead of your competitors. 
650 |a Success in business.,Thành công trong kinh doanh 
910 |b tttuyen 
980 |a Trung tâm Học liệu Trường Đại học Cần Thơ